000 00745nam a2200229Ii 4500
003 JO-AjNU
008 230605s9999||||xx |||||||||||||| ||und||
017 _a2013/3/816
020 _a978-9957-83-252-0
040 _aJO-AjNU
_bara
_erda
_cJO-AjNU
041 _aara
050 1 4 _aG155.A1.K424 2014
100 3 _aتاليف كافي، مصطفى يوسف,
_eauthor
_951167
245 0 0 _aأخلاقيات صناعة السياحة والضبافة
250 _aط1
264 3 1 _aعمان: مكتبة المجتمع العربي، 2014
300 _a405ص
336 _atext
_btxt
_2rdacontent
337 _aunmediated
_bn
_2rdamedia
338 _avolume
_bnc
_2rdacarrier
650 4 _aالسياحة-التنمية السياحية
_951168
999 _aA22584
_c26152
_d26152